[Event "23rd ETCC Open 2021"]
[Site "Catez"]
[Date "2021.11.18"]
[Round "6.58"]
[White "Borisek, Jure"]
[Black "Dragnev, Valentin"]
[Result "1/2-1/2"]
[WhiteElo "2595"]
[BlackElo "2548"]
[Annotator "ChessBase"]
[PlyCount "71"]
[EventDate "2021.11.08"]
[EventType "team-tourn"]
[EventCountry "SLO"]
[SourceTitle "playchess.com"]
[Source "ChessBase"]
[SourceQuality "1"]
[WhiteTeam "Slovenia"]
[BlackTeam "Austria"]
[WhiteTeamCountry "SLO"]
[BlackTeamCountry "AUT"]
[TimeControl "40/5400+30:1800+30"]

1. e4 c5 2. Nf3 d6 3. d4 cxd4 4. Nxd4 Nf6 5. Nc3 a6 6. h3 e5 7. Nb3 Be7 8. Be3
h6 9. Qd2 Qc7 10. g4 Nbd7 11. O-O-O b5 12. Nd5 Nxd5 13. exd5 Nb6 14. Na5 Bd7
15. Bg2 Nc4 16. Nxc4 Qxc4 17. b3 Qc7 18. Be4 Qd8 19. Rdg1 Bg5 20. h4 Bxe3 21.
fxe3 Qb6 22. Bf5 O-O-O 23. e4 Kb8 24. Kb1 f6 25. Rg3 Rhe8 26. Bg6 Rf8 27. Bf5
Rf7 28. Rc3 Rc8 29. Rhh3 b4 30. Rxc8+ Bxc8 31. Kb2 a5 32. Qe3 Qb5 33. Qd3 Qb6
34. Qe3 Qb5 35. Qd3 Qb6 36. Qe3 1/2-1/2

[Event "23rd ETCC Open 2021"]
[Site "Catez"]
[Date "2021.11.18"]
[Round "6.59"]
[White "Blohberger, Felix"]
[Black "Skoberne, Jure"]
[Result "1/2-1/2"]
[WhiteElo "2490"]
[BlackElo "2562"]
[Annotator "ChessBase"]
[PlyCount "96"]
[EventDate "2021.11.08"]
[EventType "team-tourn"]
[EventCountry "SLO"]
[SourceTitle "playchess.com"]
[Source "ChessBase"]
[SourceQuality "1"]
[WhiteTeam "Austria"]
[BlackTeam "Slovenia"]
[WhiteTeamCountry "AUT"]
[BlackTeamCountry "SLO"]
[TimeControl "40/5400+30:1800+30"]

1. e4 c5 2. Nf3 Nc6 3. Bb5 e6 4. O-O Nge7 5. Re1 a6 6. Bf1 d5 7. exd5 Nxd5 8.
d4 Nf6 9. Be3 Nd5 10. Bg5 f6 11. Bc1 cxd4 12. Nxd4 Nxd4 13. Qxd4 Bd6 14. g3 O-O
15. Bg2 Nb4 16. Na3 Qc7 17. Qe4 Nc6 18. Nc4 Bc5 19. Be3 Bxe3 20. Qxe3 e5 21.
Nb6 Rb8 22. Nxc8 Rfxc8 23. c3 Rd8 24. Red1 Rxd1+ 25. Rxd1 Rd8 26. Rd5 g6 27.
Qc5 Kg7 28. b4 Rd7 29. Rxd7+ Qxd7 30. Bxc6 bxc6 31. Kg2 g5 32. h3 h5 33. a4 e4
34. c4 Qd3 35. Qxc6 Qf3+ 36. Kg1 Qd1+ 37. Kh2 e3 38. Qb7+ Kh6 39. fxe3 Qd2+ 40.
Qg2 Qxb4 41. Qc2 h4 42. gxh4 gxh4 43. c5 Qb8+ 44. Kh1 Qc8 45. Kg2 Qg8+ 46. Kf1
Qe6 47. Kg2 Qg8+ 48. Kh1 Qc8 1/2-1/2

[Event "23rd ETCC Open 2021"]
[Site "Catez"]
[Date "2021.11.18"]
[Round "6.60"]
[White "Sebenik, Matej"]
[Black "Shengelia, David"]
[Result "1/2-1/2"]
[WhiteElo "2509"]
[BlackElo "2513"]
[Annotator "TA"]
[PlyCount "144"]
[EventDate "2021.11.08"]
[EventType "team-tourn"]
[EventCountry "SLO"]
[SourceTitle "playchess.com"]
[Source "ChessBase"]
[SourceQuality "1"]
[WhiteTeam "Slovenia"]
[BlackTeam "Austria"]
[WhiteTeamCountry "SLO"]
[BlackTeamCountry "AUT"]

{[%evp 10,144,8,9,25,26,29,24,70,29,33,5,21,11,18,16,27,10,12,15,52,56,73,60,
62,64,81,67,83,77,89,94,91,87,96,90,88,78,91,85,85,85,104,104,92,90,85,54,116,
0,100,52,116,116,116,132,116,0,120,0,112,88,161,157,158,158,152,155,144,153,
175,110,88,82,73,63,73,67,83,58,85,0,0,0,0,0,0,0,0,0,102,0,0,0,849,854,813,790,
780,768,726,730,719,515,713,669,672,631,592,499,408,8,8,0,0,0,0,0,4574,2530,
12793,6977,4638,8,897,0,0,0,0,0,0,0,0,0,0,0,0]} 1. d4 Nf6 2. Nf3 b6 3. Bf4 Bb7
4. c4 e6 5. a3 Be7 6. Nc3 d5 {E12: Queen's Indian: Unusual White 4th moves, 4
a3, 4 Nc3 Bb7 5 a3 and 4 Nc3 Bb7 .} 7. cxd5 Nxd5 8. Nxd5 Qxd5 {White has an
edge.} 9. e3 O-O 10. Rc1 Bd6 11. Bxd6 Qxd6 {[#]} 12. Qc2 $146 ({Predecessor:} 
12. Be2 Nd7 13. O-O Rfd8 14. Qc2 c5 15. Ng5 h6 16. Qh7+ Kf8 17. Nxf7 Be4 18.
Qxg7+ Kxg7 19. Nxd6 {1/2-1/2 (38) Galin,I (2267)-Nozdrin,A (2379) Ufa 2009})
12... Rc8 13. Bd3 g6 14. Be4 $36 {[%mdl 2048] Black is under pressure.} Bxe4
15. Qxe4 Qd5 16. Qxd5 exd5 17. Ke2 a5 18. Ne5 a4 19. Nc6 Nxc6 20. Rxc6 $16 {
[%mdl 4096] Endgame KRR-KRR} Ra5 21. Rhc1 Rb5 22. R1c2 (22. Rxc7 $6 Rxc7 23.
Rxc7 Rxb2+ 24. Kf3 Rb3 $11) 22... Kf8 23. Kd2 ({Much weaker is} 23. Rxc7 $6
Rxc7 24. Rxc7 Rxb2+ 25. Kf3 Rb3 $11) 23... Ke8 24. Kc1 ({Much worse is} 24.
Rxc7 $6 Rxc7 25. Rxc7 Rxb2+ 26. Rc2 Rb3 $11) 24... Kd7 25. g4 Rb3 26. g5 Rb5
27. h4 Rb3 28. Kb1 Kd8 (28... Rd3 $14) 29. Kc1 Kd7 30. h5 Rb5 (30... gxh5 $14
31. Rf6 Rf8) 31. h6 Rb3 32. Rf6 $1 {[%cal Rf6f7]} Ke7 33. Rfc6 Kd7 34. Rf6 Ke7
35. Rcc6 Kd7 (35... Rb5 $16) 36. Kc2 $18 Rb5 37. Rc3 Ke7 38. Rfc6 Kd7 39. f4
Kd8 40. Rf6 (40. f5 $1 $18) 40... Ke7 $16 41. e4 dxe4 42. Re3 Re8 43. Rxe4+ Kf8
44. Re5 Rexe5 45. dxe5 $14 {KR-KR} (45. fxe5 $16 Ke7 46. Rc6) 45... Rc5+ $1 $11
46. Kb1 Kg8 $1 47. b3 (47. e6 {seems wilder.} fxe6 48. Rxe6 Kf7 49. Rf6+ Kg8
50. Re6) 47... axb3 48. Kb2 Rc4 49. Kxb3 b5 (49... Rc5 $11) 50. Ra6 (50. e6 $16
fxe6 51. Rxe6) 50... Kf8 51. Rf6 Re4 $2 {[%mdl 8192]} (51... Kg8 $11) 52. e6 $1
$18 Ke7 53. Rxf7+ {[%mdl 64] Double Attack} Kxe6 54. Rxh7 c5 55. Rg7 {Black
must now prevent h7.} Kf5 56. Rf7+ Kg4 57. Rf6 Re3+ 58. Kb2 Re2+ 59. Kc1 Rh2
60. Rxg6 $2 ({Better is} 60. Kb1 $18 Rh3 61. Kb2 (61. Rxg6 Kxf4 62. Rg8 Rh1+
63. Kb2 Rh2+ 64. Kb3 Rh3+ 65. Kc2 Rh2+ 66. Kd1 Rh1+ 67. Kd2 Rh2+ 68. Ke1 Rh1+
69. Kf2 Rh2+ 70. Kg1 Rh5 $11)) 60... Kxf4 $11 61. Rg7 Rh1+ 62. Kd2 {Strongly
threatening h7.} Rh2+ 63. Ke1 {h7 is the strong threat.} Ke3 $2 {[%mdl 8192]} (
63... Rh1+ $11 64. Kf2 b4) 64. Kf1 $18 Kf3 65. Rf7+ Kg4 {[#]} 66. Kg1 $2 (66.
Rf2 $1 $18 {[%cal Rf2h2]} Rh1+ 67. Kg2) 66... Rh5 $2 {[%mdl 8192] [#]} (66...
Rh4 $11) 67. Rg7 $2 ({White has to play} 67. g6 $1 $18 {[%cal Rg6g7] White
wants to mate with g7.} Rxh6 68. g7) 67... b4 $11 {The position is equal.} 68.
axb4 cxb4 69. h7 {And now g6 would win.} b3 70. g6 Kg5 71. Rb7 {Intending g7
and mate.} Kxg6 72. Rxb3 Rxh7 {Weighted Error Value: White=0.33/Black=0.13}
1/2-1/2

[Event "23rd ETCC Open 2021"]
[Site "Catez"]
[Date "2021.11.18"]
[Round "6.61"]
[White "Grandelius, Nils"]
[Black "Gretarsson, Hjorvar Steinn"]
[Result "1/2-1/2"]
[WhiteElo "2669"]
[BlackElo "2574"]
[Annotator "TA"]
[PlyCount "62"]
[EventDate "2021.11.08"]
[EventType "team-tourn"]
[EventCountry "SLO"]
[SourceTitle "playchess.com"]
[Source "ChessBase"]
[SourceQuality "1"]
[WhiteTeam "Sweden"]
[BlackTeam "Iceland"]
[WhiteTeamCountry "SWE"]
[BlackTeamCountry "ISL"]

{[%evp 9,62,7,10,0,14,8,11,8,10,14,6,-21,-22,-12,-20,-34,-24,-20,-29,-24,-18,
-31,-16,-17,-17,-17,-13,-14,-14,-17,-16,-28,0,0,0,0,43,0,0,0,0,0,0,0,0,0,0,0,0,
0,0,0,0,0,0]} 1. e4 c5 2. Nf3 d6 3. Bb5+ Nd7 4. O-O a6 5. Bxd7+ Bxd7 6. c4 {
B51: Sicilian: Moscow Variation (3 Bb5+) without 3...Bd7.} Nf6 7. Nc3 g6 8. d4
cxd4 9. Nxd4 Rc8 {[#]} 10. b3 $146 ({Predecessor:} 10. Qd3 Bg7 11. h3 O-O 12.
Be3 Qa5 13. Rab1 Qb4 14. b3 b5 15. Nd5 Nxd5 16. cxd5 {1/2-1/2 (38) Slettebo,J 
(2006)-Verstraeten,R (2312) Helsingor 2015}) 10... b5 11. Nd5 Bg7 12. Nxf6+
Bxf6 13. cxb5 axb5 14. Qd2 Qb6 15. Bb2 b4 16. Ne2 {Black should prevent Bxf6.}
Bxb2 17. Qxb2 {[%cal Rb2h8] [#]} O-O 18. Nf4 Bc6 19. e5 Be4 20. Rac1 d5 21. Qd2
d4 22. Rfe1 Bb7 23. Rcd1 Rfd8 {The position is equal.} 24. e6 {[#] aiming for
exf7+.} f6 25. Nxg6 $1 hxg6 26. Qh6 {Hoping for Rd3.} Qd6 27. Qxg6+ Kh8 28.
Qh6+ Kg8 29. Qg6+ Kh8 30. Qh6+ Kg8 31. Qg6+ Kh8 {An uneventful encounter. 
Weighted Error Value: White=0.04/Black=0.05} 1/2-1/2

[Event "23rd ETCC Open 2021"]
[Site "Catez"]
[Date "2021.11.18"]
[Round "6.62"]
[White "Stefansson, Hannes"]
[Black "Blomqvist, Erik"]
[Result "1-0"]
[WhiteElo "2519"]
[BlackElo "2542"]
[Annotator "ChessBase"]
[PlyCount "63"]
[EventDate "2021.11.08"]
[EventType "team-tourn"]
[EventCountry "SLO"]
[SourceTitle "playchess.com"]
[Source "ChessBase"]
[SourceQuality "1"]
[WhiteTeam "Iceland"]
[BlackTeam "Sweden"]
[WhiteTeamCountry "ISL"]
[BlackTeamCountry "SWE"]
[TimeControl "40/5400+30:1800+30"]

1. d4 d5 2. c4 c6 3. Nc3 dxc4 4. e3 b5 5. a4 b4 6. Ne4 Qd5 7. Nd2 c3 8. bxc3
bxc3 9. Nb1 Qa5 10. Qc2 Na6 11. Ba3 Rb8 12. Nxc3 Nf6 13. Bxa6 Bxa6 14. Nge2 Nd5
15. Qd2 Nxc3 16. Qxc3 Qxc3+ 17. Nxc3 e6 18. Bxf8 Rxf8 19. Ne4 Ke7 20. Nc5 Bc4
21. Kd2 e5 22. Kc3 Bd5 23. dxe5 Bxg2 24. Rhg1 Bh3 25. Rxg7 Rfd8 26. e4 h5 27.
f4 a5 28. f5 Rb4 29. f6+ Kf8 30. Rag1 Bg4 31. R1xg4 hxg4 32. e6 1-0

[Event "23rd ETCC Open 2021"]
[Site "Catez"]
[Date "2021.11.18"]
[Round "6.63"]
[White "Johansson, Linus"]
[Black "Hjartarson, Johann"]
[Result "1-0"]
[WhiteElo "2479"]
[BlackElo "2483"]
[Annotator "ChessBase"]
[PlyCount "95"]
[EventDate "2021.11.08"]
[EventType "team-tourn"]
[EventCountry "SLO"]
[SourceTitle "playchess.com"]
[Source "ChessBase"]
[SourceQuality "1"]
[WhiteTeam "Sweden"]
[BlackTeam "Iceland"]
[WhiteTeamCountry "SWE"]
[BlackTeamCountry "ISL"]
[TimeControl "40/5400+30:1800+30"]

1. d4 Nf6 2. c4 e6 3. Nf3 b6 4. g3 Ba6 5. b3 Bb7 6. Bg2 Bb4+ 7. Bd2 c5 8. O-O
O-O 9. Nc3 cxd4 10. Nb5 Be7 11. Bg5 a6 12. Nbxd4 d6 13. Bxf6 Bxf6 14. Qc2 Qc7
15. Rac1 Nd7 16. h4 g6 17. Rfd1 e5 18. Nf5 gxf5 19. Qxf5 Rab8 20. Rc2 Bg7 21.
Rcd2 Nf6 22. Rxd6 Be4 23. Qg5 h6 24. Qd2 Rfe8 25. Qe3 Bc2 26. R1d2 Ng4 27. Qc3
Bf5 28. e4 Bxe4 29. Nh2 Nf6 30. Rxf6 Bxg2 31. Ng4 Ba8 32. Nxh6+ Bxh6 33. Rxh6
Qb7 34. Rd5 Qe7 35. Qd3 f6 36. Rg6+ Kh8 37. Qf5 Bxd5 38. cxd5 Rf8 39. Qh5+ Qh7
40. Rh6 Rb7 41. Rxh7+ Rxh7 42. Qf5 Rc7 43. Kg2 Rc5 44. Qd7 Kg8 45. d6 Rc2 46.
Qe7 Rd2 47. d7 e4 48. h5 1-0

[Event "23rd ETCC Open 2021"]
[Site "Catez"]
[Date "2021.11.18"]
[Round "6.64"]
[White "Kjartansson, Gudmundur"]
[Black "Seo, Jung Min"]
[Result "1/2-1/2"]
[WhiteElo "2443"]
[BlackElo "2455"]
[Annotator "ChessBase"]
[PlyCount "98"]
[EventDate "2021.11.08"]
[EventType "team-tourn"]
[EventCountry "SLO"]
[SourceTitle "playchess.com"]
[Source "ChessBase"]
[SourceQuality "1"]
[WhiteTeam "Iceland"]
[BlackTeam "Sweden"]
[WhiteTeamCountry "ISL"]
[BlackTeamCountry "SWE"]
[TimeControl "40/5400+30:1800+30"]

1. d4 Nf6 2. c4 e6 3. Nf3 d5 4. Nc3 Nbd7 5. Bf4 dxc4 6. e3 Nd5 7. Bxc4 Nxf4 8.
exf4 Nb6 9. Bb3 g6 10. h4 Bg7 11. h5 Bd7 12. Ne5 Qe7 13. Qe2 O-O-O 14. O-O-O
Rhf8 15. Kb1 Kb8 16. hxg6 hxg6 17. d5 g5 18. Nxd7+ Rxd7 19. dxe6 Rxd1+ 20. Nxd1
fxe6 21. Qxe6 Qxe6 22. Bxe6 gxf4 23. Rh4 c6 24. Rg4 Be5 25. Rg5 Bd4 26. Rg8
Rxg8 27. Bxg8 Kc7 28. g3 fxg3 29. fxg3 Kd6 30. Kc2 Ke5 31. Kd3 Nd7 32. b4 Nf6
33. Bb3 Nh5 34. g4 Nf4+ 35. Kd2 Nh3 36. Kd3 Bb6 37. a4 Nf4+ 38. Kd2 Bd8 39. Ne3
Be7 40. Nc2 Ke4 41. Bf7 Kf3 42. Kc3 Kxg4 43. Kc4 Kf5 44. Nd4+ Ke5 45. Be8 Kd6
46. Nf5+ Ke6 47. Nd4+ Kd6 48. Nf5+ Ke6 49. Nd4+ Kd6 1/2-1/2

[Event "23rd ETCC Open 2021"]
[Site "Catez"]
[Date "2021.11.18"]
[Round "6.65"]
[White "Djukic, Nikola"]
[Black "Saraci, Nderim"]
[Result "1/2-1/2"]
[WhiteElo "2519"]
[BlackElo "2486"]
[Annotator "ChessBase"]
[PlyCount "136"]
[EventDate "2021.11.08"]
[EventType "team-tourn"]
[EventCountry "SLO"]
[SourceTitle "playchess.com"]
[Source "ChessBase"]
[SourceQuality "1"]
[WhiteTeam "Montenegro"]
[BlackTeam "Kosovo"]
[WhiteTeamCountry "MNE"]
[BlackTeamCountry "KOS"]
[TimeControl "40/5400+30:1800+30"]

1. e4 c5 2. Nf3 Nc6 3. d4 cxd4 4. Nxd4 Nf6 5. Nc3 e6 6. Ndb5 d6 7. Bf4 e5 8.
Bg5 a6 9. Na3 b5 10. Bxf6 gxf6 11. Nd5 Bg7 12. Bd3 O-O 13. c3 Ne7 14. Qh5 f5
15. Nxe7+ Qxe7 16. Nc2 f4 17. g3 Qf6 18. Nb4 Qg6 19. Qe2 Bb7 20. gxf4 exf4 21.
O-O-O Qh6 22. Rhg1 Kh8 23. Kb1 Be5 24. Bc2 Rg8 25. f3 Rxg1 26. Rxg1 Rg8 27.
Rxg8+ Kxg8 28. Qf2 a5 29. Nd3 Bc8 30. Qb6 Be6 31. Nxe5 dxe5 32. Qb8+ Kg7 33.
Qxe5+ Kg8 34. Qb8+ Kg7 35. Qe5+ Kg8 36. Qb8+ Kg7 37. Qxb5 Qxh2 38. Qg5+ Kf8 39.
Qc5+ Kg8 40. Qg5+ Kf8 41. Qd8+ Kg7 42. Qd4+ Kg8 43. b4 axb4 44. cxb4 Bxa2+ 45.
Kb2 Be6 46. Qd8+ Kg7 47. Qg5+ Kh8 48. Qc5 Kg8 49. b5 Qe2 50. b6 Qa6 51. Qb4 Bc8
52. Qd4 Qb5+ 53. Ka3 Bb7 54. Ba4 Qa5 55. Kb2 h5 56. Bb3 h4 57. Qd7 Qe5+ 58. Kb1
Bxe4+ 59. fxe4 Qxe4+ 60. Kb2 Qe5+ 61. Ka3 Qa5+ 62. Qa4 Qxb6 63. Qe8+ Kg7 64.
Qxf7+ Kh6 65. Qxf4+ Kg7 66. Qf7+ Kh6 67. Qf8+ Kg5 68. Qe7+ Qf6 1/2-1/2

[Event "23rd ETCC Open 2021"]
[Site "Catez"]
[Date "2021.11.18"]
[Round "6.66"]
[White "Uruci, Endrit"]
[Black "Draskovic, Luka"]
[Result "1/2-1/2"]
[WhiteElo "2322"]
[BlackElo "2469"]
[Annotator "ChessBase"]
[PlyCount "86"]
[EventDate "2021.11.08"]
[EventType "team-tourn"]
[EventCountry "SLO"]
[SourceTitle "playchess.com"]
[Source "ChessBase"]
[SourceQuality "1"]
[WhiteTeam "Kosovo"]
[BlackTeam "Montenegro"]
[WhiteTeamCountry "KOS"]
[BlackTeamCountry "MNE"]
[TimeControl "40/5400+30:1800+30"]

1. e4 c5 2. Nf3 d6 3. Bb5+ Nd7 4. c4 a6 5. Ba4 Ngf6 6. Nc3 g6 7. d4 cxd4 8.
Nxd4 Bg7 9. Be3 O-O 10. f3 Nc5 11. Bc2 Bd7 12. O-O Rc8 13. Qd2 Ne6 14. Bb3 Nxd4
15. Bxd4 Be6 16. Rac1 Bxc4 17. Bxc4 Rxc4 18. Bxf6 Bxf6 19. Nd5 Rxc1 20. Rxc1 e6
21. Nxf6+ Qxf6 22. Rc7 Rd8 23. Rxb7 d5 24. exd5 Rxd5 25. Rb8+ Kg7 26. Qb4 Qd4+
27. Qxd4+ Rxd4 28. Ra8 Rd2 29. Rxa6 Rxb2 30. a4 Ra2 31. h4 h6 32. Kh2 Kf6 33.
a5 g5 34. h5 Ra4 35. Ra8 g4 36. fxg4 Rxg4 37. Kh3 Ra4 38. a6 Ra5 39. Kh4 Ra4+
40. g4 Ra3 41. Ra7 Kg7 42. Ra8 Kf6 43. Ra7 Kg7 1/2-1/2

[Event "23rd ETCC Open 2021"]
[Site "Catez"]
[Date "2021.11.18"]
[Round "6.67"]
[White "Blagojevic, Dragisa"]
[Black "Makolli, Perparim"]
[Result "1-0"]
[WhiteElo "2467"]
[BlackElo "2245"]
[Annotator "ChessBase"]
[PlyCount "121"]
[EventDate "2021.11.08"]
[EventType "team-tourn"]
[EventCountry "SLO"]
[SourceTitle "playchess.com"]
[Source "ChessBase"]
[SourceQuality "1"]
[WhiteTeam "Montenegro"]
[BlackTeam "Kosovo"]
[WhiteTeamCountry "MNE"]
[BlackTeamCountry "KOS"]
[TimeControl "40/5400+30:1800+30"]

1. d4 c6 2. c4 b5 3. c5 d6 4. cxd6 exd6 5. g3 Nf6 6. Bg2 d5 7. Nf3 Nbd7 8. O-O
Be7 9. Bg5 O-O 10. Nbd2 a5 11. Nb3 a4 12. Nc1 c5 13. dxc5 Bxc5 14. Nd3 Be7 15.
Nd4 Qb6 16. Nf5 Bd6 17. Be3 Qb8 18. Nxd6 Qxd6 19. Bd2 Re8 20. Bb4 Qb8 21. Nf4
Nb6 22. Qd4 Be6 23. Rac1 Qb7 24. Rc5 Nbd7 25. Nxd5 Nxd5 26. Bxd5 Bxd5 27. Rxd5
Nf6 28. Rd6 Re4 29. Rd8+ Rxd8 30. Qxd8+ Re8 31. Qd2 Qd5 32. Qxd5 Nxd5 33. Bc5
Rxe2 34. Rd1 Nf6 35. Rd8+ Re8 36. Rxe8+ Nxe8 37. f3 Nc7 38. a3 Ne6 39. Bb4 f5
40. Kf2 Nd8 41. Ke3 Nc6 42. Bc3 h5 43. g4 hxg4 44. fxg4 fxg4 45. Ke4 Ne7 46.
Be1 Kf7 47. Kd4 b4 48. axb4 Ke6 49. Kc5 Kd7 50. Kb5 Nf5 51. Kxa4 Kc6 52. b5+
Kb7 53. Kb4 Nd4 54. Bg3 Ne6 55. Kc4 Ng5 56. Bf4 Ne6 57. Be3 g5 58. Kd3 Nf4+ 59.
Ke4 Ne2 60. Bf2 Nc1 61. Kf5 1-0

[Event "23rd ETCC Open 2021"]
[Site "Catez"]
[Date "2021.11.18"]
[Round "6.68"]
[White "Saraci, Korab"]
[Black "Nikcevic, Nebojsa"]
[Result "1/2-1/2"]
[WhiteElo "2149"]
[BlackElo "2385"]
[Annotator "NA"]
[PlyCount "74"]
[EventDate "2021.11.08"]
[EventType "team-tourn"]
[EventCountry "SLO"]
[SourceTitle "playchess.com"]
[Source "ChessBase"]
[SourceQuality "1"]
[WhiteTeam "Kosovo"]
[BlackTeam "Montenegro"]
[WhiteTeamCountry "KOS"]
[BlackTeamCountry "MNE"]
[TimeControl "40/5400+30:1800+30"]

1. e4 e5 2. Nf3 Nf6 3. d4 Nxe4 4. Nxe5 d6 5. Nf3 d5 6. Bd3 Nc6 7. O-O Bg4 8. c4
Nf6 9. cxd5 Bxf3 10. Qxf3 Qxd5 11. Re1+ Be7 12. Qg3 Qxd4 13. Nc3 Rd8 14. Bb5
O-O 15. Be3 Qb4 16. Rab1 Bd6 17. Qf3 Nd4 18. Bxd4 Qxd4 19. Qxb7 Ng4 20. Qf3
Bxh2+ 21. Kh1 Rd6 22. Ne4 Rh6 23. Qxg4 f5 24. Qe2 fxe4 25. Qc4+ Qxc4 26. Bxc4+
Kh8 27. Re2 Rf5 28. Rxe4 Be5+ 29. Kg1 Rfh5 30. f4 Rh1+ 31. Kf2 Rxb1 32. fxe5
Rxb2+ 33. Kg1 Rb4 34. e6 Rxc4 35. Rxc4 Rxe6 36. Rxc7 h5 37. Rxa7 Kh7 1/2-1/2

[Event "23rd ETCC Open 2021"]
[Site "Catez"]
[Date "2021.11.18"]
[Round "6.69"]
[White "Pancevski, Filip"]
[Black "Kanyamarala, Tarun"]
[Result "1/2-1/2"]
[WhiteElo "2490"]
[BlackElo "2321"]
[Annotator "ChessBase"]
[PlyCount "110"]
[EventDate "2021.11.08"]
[EventType "team-tourn"]
[EventCountry "SLO"]
[SourceTitle "playchess.com"]
[Source "ChessBase"]
[SourceQuality "1"]
[WhiteTeam "Macedonia"]
[BlackTeam "Ireland"]
[WhiteTeamCountry "MKD"]
[BlackTeamCountry "IRL"]
[TimeControl "40/5400+30:1800+30"]

1. e4 c5 2. d3 Nc6 3. f4 g6 4. Nf3 Bg7 5. Be2 e6 6. O-O Nge7 7. c3 d6 8. Be3 f5
9. Na3 O-O 10. Qd2 a6 11. Rae1 b5 12. Bd1 Qc7 13. Bf2 fxe4 14. dxe4 e5 15. Be3
Bd7 16. Nc2 Rad8 17. fxe5 Nxe5 18. Nxe5 Bxe5 19. Rxf8+ Rxf8 20. Bg5 Be6 21. Ne3
Qd7 22. Bb3 c4 23. Bd1 Rf7 24. Bf3 Nc8 25. Rd1 Nb6 26. Qe2 h5 27. Nd5 Nxd5 28.
exd5 Bf5 29. Qe3 Qb7 30. a3 Qa7 31. Qxa7 Rxa7 32. h3 Rb7 33. Kf2 a5 34. Be2 Be4
35. g4 hxg4 36. Ke3 Bf3 37. hxg4 Bxe2 38. Kxe2 Rh7 39. Rf1 Rb7 40. Bd8 Ra7 41.
Ke3 Ra8 42. Bb6 Re8 43. Kd2 a4 44. Be3 Bg7 45. Bf4 Rf8 46. Ke2 Re8+ 47. Kd2 Be5
48. Be3 Kg7 49. Rh1 Bf6 50. Bh6+ Kg8 51. Rf1 Be5 52. Be3 Re7 53. Bh6 Rf7 54.
Rxf7 Kxf7 55. Bg5 Kg7 1/2-1/2

[Event "23rd ETCC Open 2021"]
[Site "Catez"]
[Date "2021.11.18"]
[Round "6.70"]
[White "Jessel, Stephen"]
[Black "Nikolovski, Nikola"]
[Result "1/2-1/2"]
[WhiteElo "2297"]
[BlackElo "2401"]
[Annotator "TA"]
[PlyCount "146"]
[EventDate "2021.11.08"]
[EventType "team-tourn"]
[EventCountry "SLO"]
[SourceTitle "playchess.com"]
[Source "ChessBase"]
[SourceQuality "1"]
[WhiteTeam "Ireland"]
[BlackTeam "Macedonia"]
[WhiteTeamCountry "IRL"]
[BlackTeamCountry "MKD"]

{[%evp 9,146,15,46,62,63,53,57,58,72,57,71,23,69,75,78,68,70,57,86,89,76,77,82,
66,118,57,35,57,77,51,75,73,88,79,97,62,83,39,47,51,58,22,25,19,22,16,25,27,19,
6,59,66,70,62,59,49,70,71,146,141,135,71,245,263,248,237,216,215,265,265,261,
267,296,296,290,288,288,277,289,286,315,218,219,200,209,187,267,274,346,346,
328,321,577,565,578,549,473,500,447,409,593,593,593,593,593,0,364,364,330,234,
558,0,382,0,213,0,281,242,284,276,250,237,368,374,355,339,323,212,200,0,304,
274,214,0,112,0,179,0,923]} 1. Nf3 d5 2. c4 d4 3. b4 g5 4. Qa4+ c6 5. Qb3 Bg7
6. Nxg5 {A09: Réti Opening: 1 Nf3 d5 2 c4.} e5 7. Qg3 Ne7 {[#] Strongly
threatening ...Nf5.} 8. Ne6 $1 {White is slightly better.} Bxe6 9. Qxg7 {[#]}
Ng6 $146 ({Predecessor:} 9... Rg8 10. Qxe5 Qb6 11. e3 dxe3 12. fxe3 Qxb4 13.
Ba3 Qb6 14. Nc3 Nd7 15. Qh5 c5 {0-1 (37) Mueer,S (2253)-Hector,J (2479)
Germany 2017}) 10. d3 (10. h4 $5 {[%cal Rh4h5]} Qe7 11. h5 $14) 10... Nd7 11.
h4 h5 12. Bg5 $1 {[%cal Rg5d8]} Qb6 13. Nd2 {Hoping for a3.} Qxb4 14. Rb1 Qf8
15. Qxf8+ Kxf8 16. Ne4 Kg7 (16... b5 $14) 17. g3 (17. Rxb7 $16 Rhb8 18. Rxb8
Rxb8 19. Ng3) 17... b5 $14 18. cxb5 Rab8 19. Bg2 cxb5 20. a3 f5 21. Nd2 Rhc8
22. O-O Rc3 23. Ra1 Nc5 24. Bf3 Rh8 25. Rfe1 a5 26. Reb1 Bd7 27. Bd5 Re8 28.
Nb3 Nxb3 29. Bxb3 ({Of course not} 29. Rxb3 Ne7 $15) 29... f4 (29... a4 $11 30.
Bd5 Nf8) 30. Bd5 Rc2 31. Bf3 Rh8 32. Kf1 Rc5 33. Ke1 Bf5 (33... Bg4 $142) 34.
Rc1 $16 Rc3 35. Kd2 (35. Kd1 $142) 35... Bg4 $2 (35... Rhc8 $16) 36. Bxg4 $1
$18 ({Don't take} 36. Rxc3 $6 dxc3+ 37. Kxc3 Bxf3) 36... hxg4 37. Rxc3 dxc3+
38. Kxc3 {[%mdl 4096] Endgame KRB-KRN} Rc8+ 39. Kd2 fxg3 40. fxg3 Nf8 41. Rb1
Rb8 42. Be7 Nd7 43. Bd6 Rb7 44. Rc1 Rb6 45. Bc5 Rb7 46. Be3 Kf7 47. Rc6 Nf6 (
47... b4 $142) 48. Bg5 Ne8 49. Bd8 a4 50. Rb6 Rxb6 (50... Rd7 {was necessary.}
51. Bg5 (51. Rxb5 Rxd8 52. Rxe5 Nf6 $11) 51... Nd6) 51. Bxb6 {KB-KN} Nf6 52. e4
Ke6 53. Kc3 Kd6 54. Kb4 Kc6 (54... Nh5 $142 55. Kxb5 Nxg3 56. Kxa4 Kc6) 55. Bf2
Nh5 {Black hopes to continue with ...Nf6.} 56. Be1 Kb6 57. Bf2+ Kc6 58. Kc3 Nf6
59. Be1 Nh5 $2 (59... Kc5 {is tougher.} 60. Bf2+ Kd6) 60. Kb4 Kb6 $1 61. Bf2+ (
61. Bc3 $142 Nxg3 62. Bxe5) 61... Kc6 62. Kc3 Nf6 63. Kb2 Nh5 64. Kc2 Nf6 65.
Kc3 Kd6 (65... Kc7 {might work better.} 66. Be1 Kc6) 66. Kb4 Kc6 67. Be1 Nh5
68. Kc3 Nf6 69. Bf2 (69. Kc2 $142) 69... Kd6 70. Ba7 Nh5 {[#]} 71. Bf2 ({
White must play} 71. Kb4 $1 $18) 71... Nf6 $16 72. Kb4 (72. Kb2 $16) 72... Kc6
$18 {[#]} 73. Be1 $2 ({White has to play} 73. Ba7 $1 $18 {[%cal Ra7b8] And now
Bb8 would win.} Nh5 74. Bf2) 73... Kd6 $2 {[%mdl 40960] Weighted Error Value:
White=0.23/Black=0.28. An unexpected result.} (73... Nh5 $11) 1/2-1/2